Normal view
MARC view
- रसाळ, रा. अ
Entry Personal Name
001 - CONTROL NUMBER
- control field: 73709
003 - CONTROL NUMBER IDENTIFIER
- control field: OSt
005 - DATE AND TIME OF LATEST TRANSACTION
- control field: 20220806112547.0
008 - FIXED-LENGTH DATA ELEMENTS
- fixed length control field: 220806|| aca||aabn | a|a d
040 ## - CATALOGING SOURCE
- Original cataloging agency: OSt
- Transcribing agency: OSt
100 ## - HEADING--PERSONAL NAME
- Personal name: रसाळ, रा. अ
670 ## - SOURCE DATA FOUND
- Source citation: Work cat.: (OSt)41084: रसाळ, रा. अ., सूक्ष्म अर्थशास्त्र (S-I), 2014